000 00524nam a2200181Ia 4500
005 20250423100410.0
008 250422s9999 xx 000 0 und d
020 _a9788178803142
050 _aHF 5415.1265 C43/
100 _aChaurasia, Harish
245 0 _aOnline marketing practice
260 _aNew Delhi
260 _bRajat Publications
260 _c2020
300 _a244 p
650 _a Internet marketing. Online social networks--Economic aspects. Social media--Economic aspects.
942 _cBK
999 _c33185
_d33185